000 00733cam a22002771 4500
001 9823475
003 OSt
005 20180116183024.0
008 720801t19591958pau 000 1 eng
010 _a 59007103
020 _a0
035 _a(OCoLC)370760
040 _aDLC
_cOWoC
_dOCoLC
_dDLC
042 _apremarc
050 0 0 _aPZ4.A549
_bEn
_aPS3551.N378
082 _a813.54 AND 1987
100 1 _aAnderson, Poul,
_d1926-2001.
245 1 4 _aThe Enemy Stars.
250 _a[1st ed.]
260 _aPhiladelphia,
_bLippincott,
_c1959 [c1958]
300 _a218 p.
_c20 cm.
440 _aThe Enemy Stars.
655 7 _aScience fiction.
_2gsafd
906 _a7
_bcbc
_coclcrpl
_du
_encip
_f19
_gy-gencatlg
942 _2ddc
_cBK
999 _c350726
_d350726